[Event "Pelotas Gaucho op"]
[Site "Pelotas"]
[Date "2023.10.12"]
[Round "1"]
[White "Spritzer, Abrao Rafael"]
[Black "Gandra, Arthur Valente"]
[Result "1-0"]
[WhiteElo "1834"]
[BlackElo "1800"]
[PlyCount "54"]
[EventDate "2023.10.12"]
[EventType "swiss"]
[EventRounds "7"]
[EventCountry "BRA"]
[SourceTitle "Mega2024 Update 01"]
[Source "Chessbase"]
[SourceDate "2023.11.12"]
[SourceVersion "1"]
[SourceVersionDate "2023.11.12"]
[SourceQuality "1"]

1. e4 e5 2. Nf3 f6 3. Nxe5 fxe5 4. Qh5+ Ke7 5. Qxe5+ Kf7 6. Bc4+ d5 7. Bxd5+ Qxd5 8. exd5 Bd6 9. Qh5+ Kf8 10. 0-0 Nf6 11. Qe2 Bg4 12. f3 Bc5+ 13. Kh1 Kf7 14. fxg4 Re8 15. Qc4 b6 16. d6+ Kf8 17. dxc7 Nbd7 18. g5 Re4 19. Qxe4 Rc8 20. gxf6 Nxf6 21. Rxf6+ gxf6 22. d4 Rxc7 23. Bh6+ Kf7 24. Qxh7+ Ke6 25. d5+ Kd6 26. Bf8+ Kxd5 27. Nc3+ Ke6 1-0